000
00247nam a22000977a 4500
005
20250901165416.0
008
210324b ||||| |||| 00| 0 eng d
050
_a
HV91 .K34 1973
245
_a
Shaping the new social work
_c
KAHN, ALFRED J.
942
_2
ddc
999
_c
3486
_d
3486